La morte a Venezia

Uloženo v:
Podrobná bibliografie
Hlavní autor: Mann Thomas
Médium: Kniha
Jazyk:neznámý jazyk
Vydáno: Milano Rizzoli 1959
Tagy: Přidat tag
Žádné tagy, Buďte první, kdo vytvoří štítek k tomuto záznamu!

MARC

LEADER 00000nam a2200000Ia 4500
001 14
003 NUMERAZIONE-ORIGINALE-BRESCIA
005 20260206230746.0
008 260206s9999 xx 000 0 und d
100 |a Mann Thomas 
245 0 |a La morte a Venezia 
260 |a Milano 
260 |b Rizzoli 
260 |c 1959 
500 |a ristampa 1984 
942 |2 ddc  |c BK  |n 0 
952 |0 0  |1 0  |2 ddc  |4 0  |6 16RAC1  |7 0  |9 28190  |a BS  |b BS  |d 2026-02-06  |i 14  |l 0  |o 1-6-Rac-1  |r 2026-02-06 22:40:30  |w 2026-02-06  |x [REVISIONARE]  |y BK 
999 |c 23896  |d 23896